20 najdôležitejších princípov pre vzdelávanie

V príspevku upriamujeme pozornosť na 20 najdôležitejších zásad a na motivačný zámer ich preštudovania pedagogickými a odbornými zamestnancami škôl a školských zariadení. Opierame sa o štúdiu, ktorá bola vydaná Americkou psychologickou asociáciou Koalíciou pre psychológiu v školstve. V nej sa autori...

Full description

Saved in:
Bibliographic Details
Main Author: Petlák, Erich
Format: Book Chapter
Language:Slovak
Subjects:
Tags: Add Tag
No Tags, Be the first to tag this record!

MARC

LEADER 00000naa a2200000 4500
001 0300551
005 20240531134005.1
041 0 |a slo 
044 |a SK 
245 1 0 |a 20 najdôležitejších princípov pre vzdelávanie  |c Erich Petlák 
520 |a V príspevku upriamujeme pozornosť na 20 najdôležitejších zásad a na motivačný zámer ich preštudovania pedagogickými a odbornými zamestnancami škôl a školských zariadení. Opierame sa o štúdiu, ktorá bola vydaná Americkou psychologickou asociáciou Koalíciou pre psychológiu v školstve. V nej sa autori zameriavajú na to, ako sa žiaci učia, čo ich motivuje, na význam sociálneho kontextu, medziľudských vzťahov a emočnej pohody pre učenie žiakov, ako čo najlepšie riadiť triedu a ako hodnotiť pokrok, ktorý žiaci dosahujú. 
610 2 0 |a vzdelávanie 
610 2 0 |a motivácia 
610 2 0 |a zariadenia školské 
610 2 0 |a zamestnanci 
610 2 0 |a psychológia 
610 2 0 |a emócie 
100 1 |a Petlák, Erich